Fish, pathogens and environment in European polyculture

Đã lưu trong:
Sonraí Bibleagrafaíochta
Formáid: Leabhar
Teanga:Undetermined
Foilsithe: Hungary Szarvas 1981
Ábhair:
Clibeanna: Cuir Clib Leis
Gan Chlibeanna, Bí ar an gcéad duine leis an taifead seo a chlibeáil!
Thư viện lưu trữ: Trung tâm Học liệu Trường Đại học Cần Thơ
LEADER 00529nam a2200169Ia 4500
001 CTU_150793
008 210402s9999 xx 000 0 und d
082 |a 639.96 
082 |b F532 
245 0 |a Fish, pathogens and environment in European polyculture 
260 |a Hungary 
260 |b Szarvas 
260 |c 1981 
650 |a Aquaculture,Nuôi trồng thủy sản 
650 |x Environmental aspects,Khía cạnh môi trường 
904 |i Trọng Hải 
980 |a Trung tâm Học liệu Trường Đại học Cần Thơ